| 000 | 00398 a2200169 4500 | ||
|---|---|---|---|
| 001 | 3 | ||
| 003 | NUST | ||
| 005 | 20201027095259.0 | ||
| 007 | |||
| 008 | 201027b ||||| |||| 00| 0 eng d | ||
| 038 | _ajawad | ||
| 082 |
_2333.36 _aJEF |
||
| 100 |
_aHussain _934544 |
||
| 245 | _aHuman and social Impact of Technological change in Pakistan | ||
| 260 | _bGeoffrey | ||
| 942 |
_aNUST-CAE _2ddc |
||
| 999 |
_c235076 _d235076 |
||